Journal of Occupational and Environmental Medicine

محفوظ في:

التنسيق: دورية

اللغة: Undetermined

منشور في: JSTOR
Lippincott Williams & Wilkins

الموضوعات:

الوصول للمادة أونلاين: Login to view Source

الوسوم: إضافة وسم

لا توجد وسوم, كن أول من يضع وسما على هذه التسجيلة!

رقم الطلب:

LEADER 00615nas a2200193Ia 4500
008 220214c99999999xx |||||||||||| ||und||
022 |a 1076-2752 
022 |a 1536-5948 
245 0 0 |a Journal of Occupational and Environmental Medicine 
264 1 |b JSTOR 
264 1 |b Lippincott Williams & Wilkins 
362 0 |a Vol. 37(1995)-57 (2015) 
653 1 0 |a Health Sciences 
653 1 0 |a Medicine & Allied Health 
653 1 0 |a Social Sciences 
856 4 0 |u https://www.jstor.org/journal/joccuenvimedi 
942 |c JL 
952 |0 0  |1 0  |4 0  |7 1  |9 35752  |a JSR  |b JSR  |d 2022-02-14  |l 0  |r 2022-02-14 00:00:00  |w 2022-02-14  |y JL 
999 |c 44085  |d 44085